000 01181nam0a2200301 i 4500
001 RU\NLR\BIBL_A\010707484
005 20241105184929.0
010 _a9785793406024
_92000
021 _aRU
_b2015-9332
_9576
035 _a(NILC)RuMoRGB-007869228
035 _a(NLR Aleph) 010707484
090 _a9753262
_c9753262
100 _a20150326d2014 um y0rusy50 ca
101 0 _arus
102 _aRU
105 _aac||z||||00yy
200 1 _aЛетопись Усть-Вымского района
_eгод за годом, день за днем
_f[редкол: Лютоев В. А. и др.]
210 _aСыктывкар
_cРеспубликанская типография
_dпеч. 2014
215 _a57, [2] с.
_cил., цв. ил., портр.
_d23
607 _aУсть-Вымский район (Коми, Республика)
_jФотоальбомы
_xИстория
_92257379
_3RU\NLR\AUTH\661353715
686 1 _aТ3(2Р-6Ко)7я6
702 1 _aЛютоев
_bВ. А.
_gВасилий А.
_4340
801 0 _aRU
_bРГБ
_c20150216
_gRCR
801 1 _aRU
_bРГБ
_c20150216
_2rusmarc
942 _cBOOK
980 _aNBR